Normal view
MARC view
- Liu, Ching
Entry Personal Name
001 - CONTROL NUMBER
- control field: 6031
003 - CONTROL NUMBER IDENTIFIER
- control field: OSt
005 - DATE AND TIME OF LATEST TRANSACTION
- control field: 20240213160213.0
008 - FIXED-LENGTH DATA ELEMENTS
- fixed length control field: 240213|| aca||aabn | a|a d
040 ## - CATALOGING SOURCE
- Original cataloging agency: OSt
- Transcribing agency: OSt
100 ## - HEADING--PERSONAL NAME
- Personal name: Liu, Ching
670 ## - SOURCE DATA FOUND
- Source citation: Work cat.: (OSt)12970: Evett, Jack B ;. 6030, 2500 solved problems in fluid mechanics and hydraulics / , 2004.
